000 00404nam a2200133Ia 4500
008 211119s9999||||xx |||||||||||||| ||und||
082 _a920
_bSRE-E
100 _aSreeraj, B
245 0 _aErom Sharmila:Pathittandu Neenda Porattam
260 _bMathrubhumi Books
_a2011
_cKottayam
300 _a150p
650 _aHistory&geography
_vBiography, genealogy & insigmaMalayalam
_xGeneral Stack
942 _cBOOK
999 _c113839
_d113839